The Scond Deadly Sin (Record no. 298506)

000 -LEADER
fixed length control field 00234 a2200109 4500
001 - CONTROL NUMBER
control field 63433
082 ## - DEWEY DECIMAL CLASSIFICATION NUMBER
Author Mark 823 SAN
090 ## - LOCALLY ASSIGNED LC-TYPE CALL NUMBER (OCLC); LOCAL CALL NUMBER (RLIN)
-- 37491
-- 37491
100 ## - MAIN ENTRY--PERSONAL NAME
Personal name Sanders, L
245 ## - TITLE STATEMENT
Title The Scond Deadly Sin
Medium English
260 ## - PUBLICATION, DISTRIBUTION, ETC.
Name of publisher, distributor, etc. Berkley Books
942 ## - ADDED ENTRY ELEMENTS (KOHA)
Institution code [OBSOLETE] CAE NUST
Call number prefix 823 SAN
Holdings
Withdrawn status Lost status Damaged status Not for loan Collection code Permanent Location Current Location Date acquired Total Checkouts Full call number Barcode Date last seen Price effective from Koha item type
          College of Aeronautical Engineering (CAE) College of Aeronautical Engineering (CAE) 04/03/2017   823 SAN CAEG-5458 04/05/2017 04/05/2017 Book
© 2023 Central Library, National University of Sciences and Technology. All Rights Reserved.